000 00551nam a22002057a 4500
003 OSt
005 20220107122806.0
008 151006b xxu||||| |||| 00| 0 eng d
020 _a9788122423860
040 _cIIITMK
082 _a003.3 SIN/S
100 _aSingh, V. P.
_97975
245 _aSystem modeling and simulation
_cSingh, V. P.
260 _aNew Delhi,
_bNew Age International,
_c2014
300 _axi, 247p.
650 _aSYSTEM THEORY
_97976
650 _aSYSTEM MODELING
_97977
650 _aSYSTEM SIMULATION
_97978
942 _2ddc
_cBK
999 _c4869
_d4869